000 00329nam a2200133Ia 4500
008 230516s1939 xx 000 0 und d
041 _aeng
082 _a574.1/JAK
100 _aJackson S,M
245 _aAnatomy & Physiology
260 _bBOOK SOCIETY LANDON
_c1939
300 _a321
650 _aHUMAN ANATOMY AND PHYSIOLOGY
999 _c384834
_d384834